| 000 | 00628nam a22001937a 4500 | ||
|---|---|---|---|
| 005 | 20170627102022.0 | ||
| 010 | _aENG-118929 | ||
| 020 |
_a9788183822725 _c250.00 |
||
| 035 | _aEN-102461 | ||
| 037 | _bDBAD/PUB | ||
| 082 | _a220.5 | ||
| 100 | _a Nivedita | ||
| 245 |
_aThe vital truth of Hindustan / _cby Nivedita ; introduction by Rabindranath Tagore |
||
| 260 |
_aKolkata _bLotus Press _c2011 |
||
| 270 |
_aUnit N0-220,iind floor,4735/22,PrakashDeep Building ,Ansari Road,Daryaganj _bNew Delhi _e110002 |
||
| 300 |
_a280p _c22cm(pbk) |
||
| 700 | _a Tagore,Rabindranath | ||
| 942 |
_2ddc _cEN _h220.5 _mNIV |
||
| 999 |
_c141987 _d141987 |
||